Voľby 71

Bibliographic Details
Format: Newspaper
Language:Slovak
PhysicalDescription:zv.
Published: Dubnica nad Váhom MsV NF [1971]
Subjects:

MARC

LEADER 00000cas a2200000 a 4500
001 vtls001343946
003 SK-MaSNL
005 20260228155803.0
008 981005u19711971xo qr|n 0 0b0slo
035 |a SNK000297134 
040 |a SNK  |b slo  |c SNK  |e AACR2 
041 0 |a slo 
044 |a xo  |c SK 
072 7 |a 324  |x Voľby, volebné kampane, referendá  |2 konspekt 
080 |a 324  |2 2011 
080 |a 050  |2 2001 
245 0 0 |a Voľby 71 
260 |a Dubnica nad Váhom  |b MsV NF  |c [1971] 
300 |a zv. 
310 |a 4x ročne 
362 0 |a [1971] 
650 0 7 |a voľby  |2 SNKPH  |9 1580 
655 7 |a noviny  |2 SNKPH  |9 72987 
850 |a Slovenská národná knižnica v Martine 
910 |a snk 
999 |c 567  |d 567 
952 |0 0  |1 0  |4 0  |7 0  |a SNK  |b SNK  |d 1998-10-05  |l 0  |o snkČSA 906/1971  |p 17A0163552  |r 2005-01-02 00:00:00  |t č. 1-4  |w 2026-02-21  |y PREZ